Statistiken für Länder, die mit S beginnen

Klicken Sie hier um das Quiz zu spielen!

Allgemein

  • Dieses Quiz wurde 22.734 mal gespielt
    (18.344 seit der letzten Aktualisierung)
  • Das Durchschnittsergebnis liegt bei 19 aus 28

Antwortstatistiken

Land% Korrekt
Schweden
98%
Sudan
83%
Schweiz
82%
Spanien
82%
Südsudan
78%
Serbien
78%
Slowakei
76%
Sambia
76%
Südkorea
76%
Slowenien
76%
Südafrika
75%
Senegal
75%
Somalia
71%
Simbabwe
71%
Syrien
67%
Singapur
66%
Saudi-Arabien
66%
San Marino
66%
Seychellen
64%
Sri Lanka
62%
Suriname
62%
Samoa
61%
St. Lucia
58%
St. Kitts und Nevis
57%
Salomonen
56%
St. Vincent und die
Grenadinen
54%
São Tomé und
Príncipe
50%
Sierra Leone
49%

Verteilung der Resultate

Perzentil nach korrekt beantworteten Fragen

Anzahl Personen mit jedem Resultat

Ihre Resultats-Entwicklung

Sie haben dieses Quiz seit der letzten Aktualisierung nicht gespielt